[Event "AUTO-BEG-593"]
[Site "http://www.queenalice.com/game.php?id=1216630"]
[Date "2013.9.13"]
[Round "1"]
[White "Kinicky"]
[Black "Liliane_Canto"]
[Result "0-1"]
[WhiteElo "1255"]
[BlackElo "1167"]

1. e4 e5 2. Nf3 d6 3. Bb5+ c6 4. Ba4 Nf6 5. b4 Nxe4 6. d3 Nf6 7. b5 Be7 8. bxc6
bxc6 9. O-O O-O 10. Nc3 Qb6 11. Nb5 cxb5 12. Bb3 Bg4 13. c4 d5 14. cxd5 Qd6 15.
a4 b4 16. h3 Bh5 17. Qc2 Nxd5 18. Nh4 Bxh4 19. g4 Bg6 20. Qc4 Nb6 21. Qc2 Bxd3
22. Qd1 Qd4 23. Ra2 Qe4 24. f3 Qd4+ 25. Kg2 N8d7 26. f4 Bxf1+ 27. Qxf1 e4 28.
Qe1 Bxe1 29. a5 Nc8 30. a6 Qd3 31. Rc2 Qxb3 32. Rb2 Qc4 0-1

[Event "AUTO-BEG-593"]
[Site "http://www.queenalice.com/game.php?id=1216631"]
[Date "2013.9.13"]
[Round "1"]
[White "Liliane_Canto"]
[Black "Kinicky"]
[Result "1-0"]
[WhiteElo "1130"]
[BlackElo "1246"]

1. e4 e5 2. Qh5 g6 3. Qxe5+ Qe7 4. Qxh8 Qxe4+ 5. Be2 Ne7 6. Qxh7 d5 7. d3 Qxg2
8. Bf3 Bh3 9. Bxg2 Bxg2 10. Bg5 Nf5 11. Ne2 Bxh1 12. Kf1 Bf3 13. Nec3 c6 14. Qh3
Nd4 15. Bf6 Nd7 16. Bxd4 c5 17. Bf6 Nxf6 18. Qxf3 Bd6 19. Nxd5 Nxd5 20. Qxd5 Ke7
21. Qxb7+ Kd8 22. Qxa8+ Kd7 23. Qxa7+ Ke6 24. Qa6 g5 25. Nd2 g4 26. Ne4 Ke5 27.
Qxd6+ Kf5 28. Qf6# 1-0

[Event "AUTO-BEG-593"]
[Site "http://www.queenalice.com/game.php?id=1216645"]
[Date "2013.9.13"]
[Round "1"]
[White "Laucin"]
[Black "Liliane_Canto"]
[Result "0-1"]
[WhiteElo "904"]
[BlackElo "1205"]

1. e4 e5 2. d3 Nf6 3. Nf3 Bd6 4. Nd4 O-O 5. g3 Bb4+ 6. Bd2 Nc6 7. Nb3 d5 8. exd5
Nxd5 9. Nc5 Bxc5 10. c4 Nf6 11. h4 Qd4 12. Be2 Qxf2# 0-1

[Event "AUTO-BEG-593"]
[Site "http://www.queenalice.com/game.php?id=1216646"]
[Date "2013.9.13"]
[Round "1"]
[White "Liliane_Canto"]
[Black "AndreChess"]
[Result "0-1"]
[WhiteElo "1238"]
[BlackElo "1510"]

1. e4 e5 2. Qh5 d6 3. Bb5+ c6 4. Bc4 g6 5. Qf3 d5 6. exd5 Qf6 7. d3 b5 8. Bb3
Qxf3 9. gxf3 Bb7 10. dxc6 Bxc6 11. Nc3 Bb4 12. f4 Bxh1 13. a3 Bxc3+ 14. bxc3
exf4 15. Bxf4 Nc6 16. Ne2 Bf3 17. Ng1 Bg2 18. Bd5 Bxd5 0-1

[Event "AUTO-BEG-593"]
[Site "http://www.queenalice.com/game.php?id=1216647"]
[Date "2013.9.13"]
[Round "1"]
[White "AndreChess"]
[Black "Liliane_Canto"]
[Result "1-0"]
[WhiteElo "1611"]
[BlackElo "1167"]

1. e4 e5 2. Nf3 d6 3. Nc3 Nf6 4. Bc4 Be7 5. d3 O-O 6. h3 c5 7. Ng5 Qe8 8. Bxf7+
Rxf7 9. Nxf7 Qxf7 10. Be3 Nc6 11. a3 a5 12. O-O b6 13. f4 Ba6 14. fxe5 dxe5 15.
Nd5 Rd8 16. Nxb6 Qg6 17. c4 Rb8 18. Na4 Nd4 19. Nxc5 Rxb2 20. Rf2 Rb6 21. Rb1
Rc6 22. Nxa6 Rxa6 23. Rb8+ Kf7 24. Bxd4 exd4 25. e5 Bxa3 26. Rb7+ Kg8 27. exf6
gxf6 28. Qa4 Ra8 29. Qxa3 1-0

[Event "AUTO-BEG-594"]
[Site "http://www.queenalice.com/game.php?id=1219286"]
[Date "2013.9.23"]
[Round "1"]
[White "Severynnas"]
[Black "Liliane_Canto"]
[Result "1-0"]
[WhiteElo "1350"]
[BlackElo "1206"]

1. d4 d5 2. c4 dxc4 3. Nc3 e6 4. e4 Nf6 5. Bxc4 Bd6 6. e5 Nfd7 7. exd6 cxd6 8.
Nf3 O-O 9. O-O Nc6 10. Qe1 Nxd4 11. Nxd4 1-0

[Event "AUTO-BEG-594"]
[Site "http://www.queenalice.com/game.php?id=1219287"]
[Date "2013.9.23"]
[Round "1"]
[White "Liliane_Canto"]
[Black "Severynnas"]
[Result "0-1"]
[WhiteElo "1152"]
[BlackElo "1402"]

1. d4 d5 2. e3 Nf6 3. Bd3 e6 4. Nf3 Bd6 5. O-O O-O 6. Ng5 h6 7. Nh7 Nxh7 8.
Bxh7+ Kxh7 9. Qd3+ Kh8 10. Nc3 Nc6 11. Nb5 a6 12. Nc3 Nb4 13. Qe2 c5 14. b3 Qc7
15. Ba3 a5 0-1

[Event "AUTO-BEG-594"]
[Site "http://www.queenalice.com/game.php?id=1219303"]
[Date "2013.9.23"]
[Round "1"]
[White "Hucorov"]
[Black "Liliane_Canto"]
[Result "1-0"]
[WhiteElo "1331"]
[BlackElo "1195"]

1. e4 e5 2. Nf3 d6 3. d4 Nf6 4. Nc3 Be7 5. dxe5 Nfd7 6. exd6 cxd6 7. Bc4 O-O 8.
Bf4 Qc7 9. b3 Qa5 10. Qd3 Bf6 11. O-O 1-0

[Event "AUTO-BEG-594"]
[Site "http://www.queenalice.com/game.php?id=1219304"]
[Date "2013.9.23"]
[Round "1"]
[White "Liliane_Canto"]
[Black "Laucin"]
[Result "0-1"]
[WhiteElo "1191"]
[BlackElo "1019"]

1. d4 d5 2. e3 e6 3. Nf3 b6 4. Be2 Nf6 5. O-O Bd6 6. c4 dxc4 7. Bxc4 O-O 8. Nc3
Bb4 9. a3 Bd6 10. Nb5 Ng4 11. h3 Nf6 12. Ng5 e5 13. Bxf7+ Rxf7 14. Nxf7 Kxf7 15.
Qe2 Be7 16. dxe5 Ne4 17. Qf3+ Nf6 18. exf6 gxf6 19. Qxa8 Na6 20. Nxa7 Bf5 21.
Qxd8 Bxd8 22. Rd1 Be7 23. Nc8 b5 24. b4 Bxc8 25. Rd5 Be6 26. Rxb5 Bd7 27. Rd5
Bc6 28. Rh5 Kg7 29. e4 Bxe4 30. Bh6+ Kg8 0-1

[Event "AUTO-BEG-594"]
[Site "http://www.queenalice.com/game.php?id=1219305"]
[Date "2013.9.23"]
[Round "1"]
[White "Laucin"]
[Black "Liliane_Canto"]
[Result "1-0"]
[WhiteElo "994"]
[BlackElo "1224"]

1. d4 d5 2. e3 c6 3. h3 e6 4. g4 Be7 5. Bd2 Nf6 6. g5 Ne4 7. Bc1 Nxg5 8. Qh5 O-O
9. Bd2 g6 10. Qg4 e5 11. Qh4 Nf3+ 12. Ke2 Nxh4 13. dxe5 Qb6 14. Kd1 Qxb2 15. Ke2
Qxa1 16. Nc3 Bb4 17. Nd1 Bxd2 18. Kxd2 Nf3+ 19. Nxf3 Qxa2 20. Bd3 Qa1 21. Ng5
Qxe5 22. Nxh7 Kxh7 23. h4 Nd7 24. Kc1 Qa1+ 25. Kd2 Ne5 26. Be2 Bf5 27. h5 gxh5
28. Bxh5 Nc4+ 29. Ke2 Bxc2 30. Kf3 Bxd1+ 31. Kg3 1-0

[Event "AUTO-BEG-595"]
[Site "http://www.queenalice.com/game.php?id=1223339"]
[Date "2013.10.9"]
[Round "1"]
[White "Liliane_Canto"]
[Black "areis"]
[Result "0-1"]
[WhiteElo "1197"]
[BlackElo "1890"]

1. e4 e6 2. d4 d5 3. exd5 exd5 4. Nf3 Nf6 5. Be2 Bd6 6. O-O O-O 7. Nc3 c6 8. Bg5
h6 9. Bh4 Be6 10. Qd3 Nbd7 11. Na4 b6 12. Rfe1 Qc7 13. Bf1 Ng4 14. c3 Bxh2+ 15.
Kh1 Bg3 16. Bxg3 Qxg3 17. fxg3 Nf2+ 18. Kg1 Nxd3 19. Bxd3 Rfe8 20. Ne5 Nxe5 21.
Rxe5 f6 22. Re3 Kf7 23. Rae1 Re7 24. Rf3 Rae8 25. Ref1 Bd7 26. Bf5 Bxf5 0-1